000 02578cam a22006254i 4500
003 PE-LiUPU
005 20250731170457.0
008 150706s2010 pe r 000 0 spa d
020 _a9786124041501
035 _a(Sirsi) i9786124041501
040 _aPE-LiUPU
_bspa
_cPE-LiUPU
_erda
049 _aPRUA
082 0 4 _a172.1
_bE9
_221
245 0 0 _aÉtica y ciudadanía :
_blos límites de la convivencia /
_cArmando Millán y Odette Vélez.
264 1 _aLima :
_bUniversidad Peruana de Ciencias Aplicadas,
_c2010.
300 _a297 páginas ;
_c24 cm.
336 _atext
_2rdacontent
337 _aunmediated
_2rdamedia
338 _avolume
_2rdacarrier
505 0 _aIntroducción, ¿Por qué ética y ciudadanía en el Perú de hoy? -- Precisando el campo de la ética -- Luchas por la identidad. La autoconservación y el reconocimiento como paradigmas éticos -- Racionalidad : génesis de las sociedades modernas -- Ambivalencias de la Modernidad : dos caras del individualismo ético contemporáneo -- Algunas reflexiones en torno al debate contemporáneo de la universalidad de los derechos humanos -- Mínimos éticos para una convivencia ciudadana en el Perú -- Reconocimiento, igualad y participación : el continuo y complejo proceso de construcción de la ciudadanía -- El Estado de derecho en la construcción de la ciudadanía -- Persona, pluralismo y progreso moral.
526 _aSEG68
526 _aSEG70
526 _aSEG69
526 _aSEG67
526 _aSEG43
526 _aP144
526 _aP143
526 _aP131
526 _aP122
526 _aP120
526 _aP117
526 _aP112
526 _aP110
526 _aP106
526 _aP101
526 _aP80
526 _aP59
526 _aP54
526 _aP35
526 _aP33
526 _aP30
541 _g001-000033;
650 0 4 _aEtica Polícita
_xCiudadania.
650 0 4 _aIdentidad.
650 0 4 _aModernidad.
650 0 4 _aDerechos humanos.
700 1 _aMillán, Armando,
_ecomp.
700 1 _aVelez, Odette,
_ecomp.
910 _agl
_clch
_d20130829
942 _2ddc
_cBOOK
949 _a172.1 E9
_wDEWEY
_c1
_i68052
_lCCODEBUL1
_mBUL
_p31.00
_r0
_sY
_tBOOK
_u2015-7-6
_xFCE
_PP04
_o.STAFF. Colección General
994 _aC0
_bPEPRU
596 _a1
999 _a172.1 E9
_wDEWEY
_c55510
_i68052
_d55510
_e2016-9-21
_f2021-11-4
_g6
_lCCODEBUL1
_mBUL
_n6
_p31.00
_r0
_sY
_tBOOK
_u2015-7-6
_xBIBLIOTECA
_PP04
_0COMPRA
_o.STAFF. Colección General
980 _81
_gALBERTO SANCHEZ Responsable de Automatización